|
|
|
|
| LEADER |
01207nam a2200361 a 4500 |
| 001 |
000083673 |
| 003 |
CZ BrMZK |
| 005 |
20211220114442.0 |
| 007 |
ta |
| 008 |
960815s1996 xr g j cze d |
| 015 |
|
|
|a cnb000207369
|
| 020 |
|
|
|a 80-237-3279-X
|
| 035 |
|
|
|a (OCoLC)37963691
|
| 040 |
|
|
|a BOA001
|b cze
|
| 072 |
|
7 |
|a 821.112.2-3
|x Německá próza, německy psaná
|2 Konspekt
|9 25
|
| 080 |
|
|
|a 821.112.2-32
|2 MRF
|
| 080 |
|
|
|a (0:82-322.5)
|2 MRF
|
| 100 |
1 |
|
|a Bodmann, Aenne
|7 jx20040618003
|4 aut
|
| 245 |
1 |
0 |
|a Trixi na scestí /
|c Aenne Bodmannová ; [přeložil Jaroslav Šanda]
|
| 250 |
|
|
|a Vyd. 1.
|
| 260 |
|
|
|a Praha :
|b I. Železný,
|c 1996
|
| 300 |
|
|
|a 58 s. ;
|c 18 cm
|
| 490 |
1 |
|
|a Knihovnička Večerů pod lampou ;
|v 2226
|
| 490 |
1 |
|
|a Na výsluní ;
|v 212
|
| 655 |
|
7 |
|a německé povídky
|7 fd132942
|2 czenas
|
| 655 |
|
7 |
|a milostné povídky
|7 fd132834
|2 czenas
|
| 765 |
0 |
|
|t Trixi auf Abwegen
|
| 700 |
1 |
|
|a Šanda, Jaroslav,
|d 1923-2008
|7 jk01122485
|4 wfw
|
| 830 |
|
0 |
|a Knihovnička Večerů pod lampou
|
| 830 |
|
0 |
|a Na výsluní
|
| 910 |
|
|
|a BOA001
|b 1-1022.620
|
| 990 |
|
|
|a BK
|
| 996 |
6 |
|
|b 2610039076
|c 1-1022.620
|l MZK
|r Sklad / do 1 hodiny
|n 0
|p p.v.
|w 000083673
|u 000010
|a 1
|e BOA001
|j MZK50
|s P
|